ბათუმის შოთა რუსთაველის სახელმწიფო უნივერსიტეტის ბიბლიოთეკა

საზოგადოებასთან ურთიერთობა (პიარი) : (ბიბ.ჩანაწერი № 34707)

000 -ლიდერი
ფიქსირებული სიგრძის საკონტროლო ველი 01383nam a2200277Ia 4500
001 - საკონტროლო ნომერი
საკონტროლო ველი 494
003 - საკონტროლო ნომრის იდენტიფიკატორი
საკონტროლო ველი GE_BSU
005 - ბოლო ოპერაციის თარიღი და დრო
საკონტროლო ველი 20200127123017.0
008 - ფიქსირებული სიგრძის მონაცემთა ელემენტები - ზოგადი ინფორმაცია
ფიქსირებული სიგრძის საკონტროლო ველი 181216s2008||||ge |||||||||||||| ||geo||
020 ## - წიგნის საერთაშორისო სტანდარტული ნომერი
International Standard Book Number 9992875617
040 ## - კატალოგიზაციის წყარო
Transcribing agency GE_BSU
041 ## - ენის კოდი
Language code of text/sound track or separate title geo
080 ## - უნივერსალური ათობითი კლასიფიკაციის ინდექსი
Universal Decimal Classification number 659.4(075.8)+316.772.4(075.8) შ–93
100 ## - მთავარი ჩანაწერი - პიროვნების სახელი
Personal name შუბითიძე, ვაჟა
9 (RLIN) 6107
245 ## - ცნობა სათაურის შესახებ
Title საზოგადოებასთან ურთიერთობა (პიარი) :
Remainder of title [სახელმძღვ. სტუდ.] /
Statement of responsibility, etc ვაჟა შუბითიძე ; [რედ. ქეთევან ჯიჯეიშვილი].
264 ## - წარმოების, გამოცემის, დისტრიბუციის და სხვა ცნობები
გამოცემის, წარმოების, დისტრიბუციის... ადგილი თბილისი :
გამოცემის, წარმოების, დისტრიბუციის... სახელწოდება შპს "დარბეგი"
გამოცემის, წარმოების, დისტრიბუციის... თარიღი 2008-2009
300 ## - ფიზიკური აღწერა
Extent 148 გვ.
Other physical details 19 სმ.
500 ## - ზოგადი შენიშვნა
General note ეძღვნ. 2008 წ. აგვისტოში რუსეთ-საქართველოს ომის დროს დაღუპულ მამულიშვილთა ხსოვნას.
504 ## - BIBLIOGRAPHY, ETC. NOTE
Bibliography, etc ბიბლიოგრ.: გვ. 146.
653 ## - INDEX TERM--UNCONTROLLED
Uncontrolled term საზოგადოებასთან ურთიერთობა
653 ## - INDEX TERM--UNCONTROLLED
Uncontrolled term პიარი
653 ## - INDEX TERM--UNCONTROLLED
Uncontrolled term ფაბლიკ რილეიშენზი
700 ## - ADDED ENTRY--PERSONAL NAME
Personal name ჯიჯეიშვილი, ქეთევან
Relator term რდაქტორი
9 (RLIN) 6399
942 ## - ADDED ENTRY ELEMENTS (KOHA)
Koha item type წიგნი
Source of classification or shelving scheme
ეგზემპლარები
ჩამოწერის სტატუსი დაკარგული ეგზემპლარის სტატუსი კლასიფიკაციის წყარო ან თაროზე გაწყობის სქემა დაზიანების სტატუსი არ გაიცემა მუდმივი მდებარეობა (დაცვის ადგილი) ამჟამინდელი ადგილსამყოფელი თაროზე განთავსების ადგილი შეძენის თარიღი ღირებულება, შესყიდვის ნორმალური ფასი სრული შენახვის შიფრი შტრიხკოდი ბოლო ოპერაციის თარიღი ეგზემპლარის მიმდევრობითი ნომერი (კეტერი?) ფასის ძალაში შესვლის თარიღი ეგზემპლარის სახეობა საჯარო შენიშვნა
          ბათუმის შოთა რუსთაველის სახელმწიფო უნივერსიტეტის მთავარი ბიბლიოთეკა ბათუმის შოთა რუსთაველის სახელმწიფო უნივერსიტეტის მთავარი ბიბლიოთეკა წიგნსაცავი 2018-12-17 20.00 659.4(075.8)+316.772.4(075.8) შ–93 299 2018-12-17 299 2018-12-17 წიგნი 20 ლ.
          ბათუმის შოთა რუსთაველის სახელმწიფო უნივერსიტეტის მთავარი ბიბლიოთეკა ბათუმის შოთა რუსთაველის სახელმწიფო უნივერსიტეტის მთავარი ბიბლიოთეკა წიგნსაცავი 2018-12-17 20.00 659.4(075.8)+316.772.4(075.8) შ–93 300 2018-12-17 300 2018-12-17 წიგნი 20 ლ.
          ბათუმის შოთა რუსთაველის სახელმწიფო უნივერსიტეტის მთავარი ბიბლიოთეკა ბათუმის შოთა რუსთაველის სახელმწიფო უნივერსიტეტის მთავარი ბიბლიოთეკა წიგნსაცავი 2020-01-27 13.00 659.4(075.8)+316.772.4(075.8) შ–93 34413 2020-01-27 34413 2020-01-27 წიგნი 13 ლ. 80 თ.